| 000 | 00532nam a2200181 4500 | ||
|---|---|---|---|
| 001 | 123842 | ||
| 003 | ES-MaACL | ||
| 007 | t| | ||
| 008 | 070214s1983 sp r ||||1| spa d | ||
| 100 | 1 |
_aQuiroz Magaña, Alvaro. _994798 |
|
| 245 | 1 | 0 |
_aEclesiología en la teología de la liberación / _cAlvaro Quiroz Magaña. |
| 260 |
_aSalamanca : _bSígueme, _c1983. |
||
| 300 |
_a363 p. ; _c22 cm. |
||
| 490 | 1 | _aVerdad e imagen | |
| 830 | 0 |
_aVerdad e imagen _9182105 |
|
| 852 |
_aES-MaACL _jL-4969 _bR.105661 |
||
| 999 |
_c123842 _d123842 |
||